Mixed ability classes

Αποθηκεύτηκε σε:
Λεπτομέρειες βιβλιογραφικής εγγραφής
Κύριος συγγραφέας: Prodromou, Luke
Μορφή: Βιβλίο
Γλώσσα:English
Δημοσίευση: London : MacMillan, 1992
Σειρά:MEP monographs
Θέματα:
Ετικέτες: Προσθήκη ετικέτας
Δεν υπάρχουν, Καταχωρήστε ετικέτα πρώτοι!

MARC

LEADER 00000nam a2200000 i 4500
001 1/23696
008 960712s1992 eng d
020 |a 0-333-49386-9 
035 |l 10022134 
040 |a GR-MY-UA  |b gre  |e aacr 
041 0 |a eng 
082 0 |a 420.71 
100 1 |a Prodromou, Luke. 
245 1 0 |a Mixed ability classes /  |c Luke Prodromou 
260 |a London :   |b MacMillan,   |c 1992 
300 |a 168 p. 
490 1 |a MEP monographs 
650 0 0 |a English language  |x Study and teaching. 
830 0 |a MEP monographs 
852 |a INST  |b CHIOS  |e 19960712  |h 420.71 PRO  |p 005200002149  |q 005200002149  |t BK  |y 0 
909 |a Χ  |b 032845